000
00212nam a2200097Ia 4500
008
190216s9999||||xx |||||||||||||| ||und||
100
_a
Bhattathirippadu.M.P
245
0
_a
Rudhumadhi
260
_b
Null
942
_c
BK
999
_c
25426
_d
25426